MDQL
is popping MORE tags! Check the
thread
!
Quizzes
Events
Quiz Creation
Community
Videos
Private Events
Remove Ads
Sign In
Join for FREE
Feedback
Dark Mode
Quiz Categories
Sports
Geography
Music
Movies
Television
Just For Fun
Miscellaneous
History
Literature
Language
Science
Gaming
Entertainment
Religion
Holiday
For Kids
Quiz Lab
Recent
Popular Today
Quiz Kudos Today
Editor Picks
Curator Picks
Quizzes by...
Day
Popularity
Type
Ratings
Length
Year
Community
Subscriptions
Recent Discussions
Orange Saloon
Badges
Playlists
Quests
Create
Leaderboards
Showdown
Live 5
Trivia Bingo
Activity
Puzzle Library
Sporcle Events
Private Events
Virtual Trivia
Globe League
Become a Host
Pub Owners
SporcleCon
Opinionation
Our Games
Videos
Blog
Mobile Apps
Partnerships
Remove Ads and Go Orange
Feedback
Sports
Athletes
MLB
NBA
NHL
NFL
Soccer
Sports Teams
WWE
NCAA
Football
Premier League
Basketball
Baseball
Hockey
Golf
Tennis
Cricket
Rugby
Auto Racing
Olympics
World Cup
Sports
Athletes
MLB
NBA
NHL
NFL
Soccer
Sports Teams
WWE
NCAA
Football
Premier League
Basketball
Baseball
Hockey
Golf
Tennis
Cricket
Rugby
Auto Racing
Olympics
World Cup
Random Quiz
Search Sporcle
×
Quiz Lab
Quiz Lab
Sports
New Japan
Type in answers that appear in a list
Type in answers that appear in a list
Classic
Best Score? Go Orange.
IWGP Heavyweight Champions Stats
Can you name the heavyweight champions of New Japan Pro-Wrestling?
By
Lucius
10m
53 Questions
106 Plays
106 Plays
106 Plays
Comments
Comments
Give Quiz Kudos
Give Quiz Kudos
-
- Ratings
hide this ad
Forced Order
Answers have to be entered in order
Answers have to be entered in order
Replay
Link that replays current quiz
Next Quiz
Link to next quiz in quiz playlist
You Got
0%
They Got
Avg Score
35%
Avg Friend Score
Upgrade to see
Score Distribution
Jump to the score distribution portion of the page
Score
0/53
Timer
10:00
0
Plays Today
Date
Champion
% Correct
1st (1987.06.12)
Antonio Inoki
91.4%
2nd (1988.05.08)
Fujinami Tatsumi
55.2%
4th (1989.04.24)
Big Van Vader
45.7%
7th (1989.08.10)
Big Van Vader
44.8%
10th (1991.01.17)
Big Van Vader
43.8%
22nd (1998.08.08)
Chouno Masahiro
42.9%
17th (1995.05.03)
Mutou Keiji
41.9%
52nd (2009.06.20)
Tanahashi Hiroshi
41.9%
13th (1992.08.16)
The Great Muta
41%
19th (1996.04.29)
Hashimoto Shin'ya
41%
24th (1999.01.04)
Mutou Keiji
41%
44th (2005.10.08)
Brock Lesnar
41%
14th (1993.09.20)
Hashimoto Shin'ya
40%
16th (1994.05.01)
Hashimoto Shin'ya
40%
11th (1991.03.04)
Fujinami Tatsumi
38.1%
9th (1990.12.26)
Fujinami Tatsumi
37.1%
53rd (2009.09.27)
Nakamura Shinsuke
37.1%
15th (1994.04.04)
Fujinami Tatsumi
36.2%
50th (2009.01.04)
Tanahashi Hiroshi
36.2%
12th (1992.01.04)
Choushuu Riki
35.2%
8th (1990.08.19)
Choushuu Riki
34.3%
20th (1997.08.31)
Sasaki Kensuke
34.3%
47th (2007.10.08)
Tanahashi Hiroshi
34.3%
3rd (1988.06.24)
Fujinami Tatsumi
33.3%
41st (2005.02.20)
Kojima Satoshi
33.3%
45th (2006.07.17)
Tanahashi Hiroshi
33.3%
49th (2008.04.27)
Mutou Keiji
33.3%
Date
Champion
% Correct
6th (1989.07.12)
Choushuu Riki
32.4%
21st (1998.04.04)
Fujinami Tatsumi
32.4%
23rd (1998.09.23)
Scott Norton
32.4%
25th (1999.12.10)
Tenryuu Gen'ichirou
30.5%
26th (2000.01.04)
Sasaki Kensuke
30.5%
31st (2002.04.05)
Nagata Yuuji
30.5%
40th (2004.12.12)
Tenzan Hiroyoshi
30.5%
48th (2008.01.04)
Nakamura Shinsuke
30.5%
18th (1996.01.04)
Takada Nobuhiko
29.5%
33rd (2003.11.03)
Tenzan Hiroyoshi
29.5%
34th (2003.12.09)
Nakamura Shinsuke
29.5%
35th (2004.02.15)
Tenzan Hiroyoshi
29.5%
36th (2004.03.14)
Sasaki Kensuke
29.5%
39th (2004.10.09)
Sasaki Kensuke
29.5%
42nd (2005.05.14)
Tenzan Hiroyoshi
29.5%
46th (2007.04.13)
Nagata Yuuji
29.5%
27th (2001.01.04)
Sasaki Kensuke
28.6%
51st (2009.05.06)
Nakanishi Manabu
28.6%
28th (2001.03.17)
Scott Norton
27.6%
37th (2004.03.28)
Bob Sapp
26.7%
5th (1989.05.25)
Salman Hashimikov
25.7%
29th (2001.04.09)
Fujita Kazuyuki
24.8%
38th (2004.06.05)
Fujita Kazuyuki
23.8%
32nd (2003.05.02)
Takayama Yoshihiro
22.9%
43rd (2005.07.18)
Fujita Kazuyuki
21.9%
30th (2002.02.16)
Yasuda Tadao
20%
Quiz Playlist
Details
Report
Send in Message
Add To Playlist
Classic:
Type in answers that appear in a list
Forced Order:
Answers have to be entered in order
Quiz Source
Last Updated: Feb 16, 2017
Quiz Scoreboard
CHALLENGE
Sign Up to Join the Scoreboard
Show All
Scores
Hide
Comments
May contain spoilers
Recently Published
1-10 Letter E Words III
by El_Dandy
Language
2m
Street Fighter Characters
by Artimus82
Gaming
60s
College Basketball Coaching Resumes
by pancakes188
Sports
9m
More to Explore
Quiz From the Vault
Featured Blog Post
Where Did the Easter Bunny Come From?
hide this ad
You Might Also Like...
Tags
champion
date
Heavyweight
IWGP
Japan
New Japan
Pro Wrestling
Today's Top Quizzes in Sports
Browse Sports
hide this ad
Today's Top Quizzes in New Japan
Browse New Japan
Top Contributed Quizzes in Sports
1
2022 World Cup Stars
2
Les meilleurs buteurs des matchs entre le PSG et l’OM
3
FIFA Club World Cup Champions
4
Les entraîneurs de l'OM et du PSG au 21e siècle
5
Criteria MLB: Left Handed Sluggers
6
2023 MLB Unique Player Accomplishments
7
AFC Teams Reveal (Wrong Answers Minefield)
8
Players with Multiple 50 Home Run Seasons
9
5-to-1: FBS Animal Nicknames
10
5-to-1: UK Sports Teams
Explore More
Trending Topics
Disney
Marvel
Crossword
Harry Potter
Kpop
Anime
NBA
Country
Song
NFL
The Office
Soccer
WWE
Puzzle
Pokémon
hide this ad
More By:
Lucius
Quiz
Plays
Rating
Category
Featured
Created
NWA World Heavyweight Champions
360
2.00
Sports
Oct 4, 2009
Active Japanese Pro-Wrestling Companies
307
5.00
Sports
Nov 10, 2009
GHC Heavyweight Champions
217
2.50
Sports
Oct 13, 2009
IWGP Heavyweight Champions
106
4.00
Sports
Oct 5, 2009
IWGP Junior Heavyweight Champions
71
1.00
Sports
Oct 9, 2009
Go to Creator's Profile
Score Distribution
Quiz Creator Spotlight
Lucius
Follow
Send a Message
Quizzes Created
-
Created Quiz Play Count
-
More By This Creator
Popular Quizzes Today
1
Find the US States - No Outlines Minefield
2
Find the Countries of Europe - No Outlines Minefield
3
The Countries of the World
4
Find the US States
5
Risky Map Clicking: Biggest States A-Z
6
US States
7
Popular People in 1961
8
Movies - When Are They Set?
More Sports Quizzes
4x4 Image Crossword: Athletes
Published
Trending Quizzes
Risky Map Clicking: Least Populous States A-Z
Billboard Blitz: Aretha Franklin
1-10 Letter G Words
Countries of the World: 200 Million BC
1-10 Letter F Words
Recently Updated
Leaping Animals
pecheneg
Reality TV Shows (A-Z)
bhenderson79
Rickey Henderson's Hall of Fame Teammates
pecheneg
Champions League XIs: Arsenal
pecheneg
Quick Pick: Celebrities in WWE's Hall of Fame
aduchscher
A-Z Keypad Blitz II
pecheneg
Multiple Oscar Actors
pecheneg
Mystery Phrase Blitz: Oscar 'Best Actors'
pecheneg
F. Scott Fitzgerald Novels
LTH
Pick 3 Villains
ddd62291
Trending Topics
Marvel
Crossword
Harry Potter
Anime
Kpop
NBA
Disney
Pokémon
Song
Country
Soccer
Puzzle
WWE
NFL
The Office
Your Account Isn't Verified!
In order to create a playlist on Sporcle, you need to verify the email address you used during registration. Go to your
Sporcle Settings
to finish the process.
Report this User
Report this user for behavior that violates our
Community Guidelines
.
Details:
Send Report
Go to the Sporcle.com Mobile Site →
Comments